| 000 | 00000nas 2200000zi 4500 |
| 001 | 9.903895 |
| 003 | CaOODSP |
| 005 | 20251103145434 |
| 006 | m |o d f |
| 007 | cr cn||||||||| |
| 008 | 211006d20172017oncgr p o f0 b0fre|d |
| 040 | |aCaOODSP|bfre|erda|cCaOODSP |
| 043 | |an-cn--- |
| 086 | 1 |aD95-10F-PDF|zD96-2/2017F-PDF |
| 245 | 00|aCybermenaces contre le processus démocratique du Canada |
| 264 | 1|a[Ottawa] : |bCentre de la sécurité des télécommunications = Communications Security Establishment, |c[2017] |
| 310 | |aBiennal |
| 336 | |atexte|btxt|2rdacontent/fre |
| 337 | |ainformatique|bc|2rdamedia/fre |
| 338 | |aressource en ligne|bcr|2rdacarrier/fre |
| 362 | 0 |a2017. |
| 500 | |aPublié aussi en anglais sous le titre : Cyber threats to Canada's democratic process. |
| 588 | |aDescription d'après : 2017. |
| 588 | |aDernière livraison consultée : 2017. |
| 650 | 6|aCyberterrorisme|zCanada|xPrévention|vPériodiques. |
| 650 | 6|aÉlections|zCanada|vPériodiques. |
| 655 | 7|aPériodiques|2rvmgf |
| 710 | 2 |aCentre de la sécurité des télécommunications (Canada), |eorganisme de publication. |
| 775 | 08|tCyber threats to Canada's democratic process.|w(CaOODSP)9.897020 |
| 785 | 00|tLe point sur les cybermenaces contre le processus démocratique du Canada en ... |w(CaOODSP)9.897022 |